| 000 | 00811nam a2200217 a 4500 | ||
|---|---|---|---|
| 001 | 000014943 | ||
| 005 | 20250924073801.0 | ||
| 008 | 100127s2005 dr 001 f spa d | ||
| 020 | _a999347794X | ||
| 040 |
_aDO-SdBNP _bspa _cBNPHU |
||
| 082 |
_aRD863.44 _bS232b |
||
| 100 | 1 |
_aSantana, César David _933824 |
|
| 245 | 1 | 0 |
_aBalada de un fugitivo : _b(recuerdos de Nueva York) / _cCésar David Santana. |
| 260 |
_aSanto Domingo : _bMente Editorial ; _bUniversidad Autónoma de Santo Domingo, _c2005. |
||
| 300 |
_a153 p. ; _c22 cm. |
||
| 490 | 1 |
_aPublicaciones de la Universidad Autónoma de Santo Domingo ; _v1222 |
|
| 490 | 1 |
_aLa diáfora ; _vno. 1 |
|
| 650 | 0 |
_aNovela dominicana _9223 |
|
| 650 | 0 |
_aLiteratura dominicana. _967 |
|
| 830 |
_aPublicaciones de la Universidad Autónoma de Santo Domingo _v1222 _952 |
||
| 999 |
_c14523 _d14523 |
||